Score 0/20 Timer 01:30
10 Plays Today
Character 'A' or 'F' % Correct
Oliver Queen???
89.2%
Barry Allen???
88.5%
Cisco Ramon???
88.4%
Nyssa al Ghul???
88.3%
Iris West???
88.2%
Harrison Wells???
88.1%
John Diggle???
88%
Slade Wilson???
87.8%
Caitlin Snow???
87.7%
Malcolm Merlyn???
87.4%
Character 'A' or 'F' % Correct
Captain Cold???
87.1%
Quentin Lance???
86.9%
Eddie Thawne???
86.6%
Felicity Smoak???
86.1%
Damien Darhk???
85.9%
Jay Garrick???
85.7%
Roy Harper???
85.4%
Dr. Martin Stein???
84.1%
Ray Palmer???
78.6%
Patty Spivot???
77.3%
Remove Ads.
Support Sporcle.
Get the best of Sporcle when you Go Orange. This ad-free experience offers more features, more stats, and more fun while also helping to support Sporcle. Thank you for becoming a member.

You're not logged in!

Compare scores with friends on all Sporcle quizzes.
OR
Log In

Show Comments

Extras

Top Quizzes Today


Score Distribution

Your Account Isn't Verified!

In order to create a playlist on Sporcle, you need to verify the email address you used during registration. Go to your Sporcle Settings to finish the process.

Report this User

Report this user for behavior that violates our Community Guidelines.

Details: